01729nam a2200217 a 4500008004100000020001500041041000800056092001700064100002600081245005300107250005000160260003900210300001100249500009800260505081900358590006901177655002101246942001301267999001501280952021601295190917t2001 sp |||g |||| 001 0 spa d a8420634093 aspa c808l77sSAL1 aSalinger, J. D.940303 aEl guardián entre el centeno /cJ. D. Salinger a1a ed. 4ta reimp.bTraducción Carmen Criado aMadrid:bAlianza editorial;c2001. a228 p. aSalinger, J. D. (2001). El guardián entre el centeno. (1a ed.). Madrid : Alianza editorial. aSi de verdad les interesa lo que voy a contarles, lo primero que querrán saber es dónde nací, cómo fue todo ese rollo de mi infancia, qué hacían mis padres antes de tenerme a mí, y demás puñetas estilo David Copperfield, pero no tengo ganas de contarles nada de eso. Primero porque es una lata, y, segundo, porque a mis padres les daría un ataque si yo me pusiera aquí a hablarles de su vida privada. Para esas cosas son muy especiales, sobre todo mi padre. Son buena gente, no digo que no, pero a quisquillosos no hay quien les gane. Además, no crean que voy a contarles mi autobiografía con pelos y señales. Sólo voy a contarles una cosa de locos que me pasó durante las Navidades pasadas, antes de que me quedara tan débil que tuvieran que mandarme aquí a reponerme un poco.  aProyecto 4to libro, Donación Constanzo Juan Carlos, marzo 2019 aLiteratura92917 2ddccLIT c2870d2870 00102ddc4070aBFMbBFMcCRd2019-03-06eDonación Constanzo, Juan Carlos, marzo 2019l0o808 77 SALp4405r2019-03-06tEj. 1w2019-03-06yLITzProyecto 4to libro. Donación Constanzo Juan Carlos, marzo 2019